The atlas of Atlantis and other lost civilizations : discover the history and wisdom of Atlantis, Lemuria, Mu and other ancient civilizations

Bibliographic Details
Main Author: Levy, Joel
Format: Book
Published: London : Octopus Publishing , 2007
Subjects:

MARC

LEADER 00000cam a2200000 7i4500
001 0000019924
005 20080905.0
008 080620
020 |a 1841813158 
090 0 0 |a 912.01   |b LEV 
100 1 |a Levy, Joel 
245 1 4 |a The atlas of Atlantis and other lost civilizations :   |b discover the history and wisdom of Atlantis, Lemuria, Mu and other ancient civilizations   |c Joel Levy 
260 |a London :   |b Octopus Publishing ,   |c 2007 
650 0 |a Atlantis (Legendary place) 
650 0 |a Curiousities and wonders 
999 |a 0001023950   |b Book   |c Adult Collection   |e Perbadanan Perpustakaan Awam Johor